Score 0/20 Timer 05:00
0 Plays Today
% Correct
to be
87.4%
to go
87.4%
to know
86.9%
to sleep
85.4%
to have
84.5%
to see
84%
to think
79.1%
to want (to wish)
78.2%
to give
78.2%
to work
78.2%
% Correct
to ask
76.7%
to come
75.7%
to look at (to watch)
72.8%
to take
62.6%
to feel
62.6%
to say
62.1%
to use
62.1%
to do (to make)
60.2%
to find
57.8%
to tell
50%
Remove Ads.
Support Sporcle.
Get the best of Sporcle when you Go Orange. This ad-free experience offers more features, more stats, and more fun while also helping to support Sporcle. Thank you for becoming a member.

You're not logged in!

Compare scores with friends on all Sporcle quizzes.
OR
Log In

Show Comments

Extras

Top Quizzes Today


Score Distribution

Your Account Isn't Verified!

In order to create a playlist on Sporcle, you need to verify the email address you used during registration. Go to your Sporcle Settings to finish the process.

Report this User

Report this user for behavior that violates our Community Guidelines.

Details: